Statistics for Acclaimed Music - Top Swedish Artists

Click here to take the quiz!

General Stats

  • This quiz has been taken 11 times
  • The average score is 10 of 55

Answer Stats

RankArtist% Correct
2ABBA
100%
32Avicii
80%
38Zara Larsson
70%
17Ace of Base
50%
34Roxette
50%
18Europe
40%
13Håkan Hellström
40%
25Tove Lo
40%
20Kent
30%
53Blue Swede
20%
15First Aid Kit
20%
35Ghost
20%
1Robyn
20%
10The Cardigans
20%
6The Hives
20%
54A Camp
10%
28Air France
10%
44Broder Daniel
10%
52Caesars Palace
10%
45ceo
10%
19Dungen
10%
33Eagle-Eye Cherry
10%
40El Perro del Mar
10%
39Erik Lundin
10%
29Familjen
10%
4Fever Ray/Karin Dreijer
10%
37Frida
10%
23Frida Hyvönen
10%
16Icona Pop
10%
55I'm from Barcelona
10%
47Jay-Jay Johanson
10%
8Jens Lekman
10%
21José González
10%
50Junip
10%
14Kleerup
10%
30Little Dragon
10%
7Lykke Li
10%
36Miike Snow
10%
5Neneh Cherry
10%
11Peter Bjorn and John
10%
9Refused
10%
31Sally Shapiro
10%
49Shout Out Louds
10%
48Stina Nordenstam
10%
46The Ark
10%
26The Embassy
10%
12The Field
10%
42The Hellacopters
10%
3The Knife
10%
41The Plan
10%
22The Radio Dept.
10%
27The Tough Alliance
10%
24The Wannadies
10%
51Weeping Willows
10%
43Whale
10%

Score Distribution

Percentile by Number Answered

Percent of People with Each Score

Your Score History

You have not taken this quiz